Návrh zmien v klasifikácii metód podnikovej diagnostiky

Cieľom podnikovej diagnostiky je komplexné analyzovanie stavu, v ktorom sa podnik nachádza, odhalenie a čo najskoršie odstránenie nežiadúcich symptómov. Výber vhodnej ozdravovacej metódy a program harmonizácie podniku a jeho okolia.

Gespeichert in:
Bibliographische Detailangaben
1. Verfasser: Gondžárová, Barbora
Format: Buchkapitel
Sprache:Slowakisch
Schlagworte:
Tags: Tag hinzufügen
Keine Tags, Fügen Sie das erste Tag hinzu!

MARC

LEADER 00000naa a2200000 4500
001 0216998
005 20231207080333.6
041 0 |a slo 
044 |a SK 
245 1 0 |a Návrh zmien v klasifikácii metód podnikovej diagnostiky  |c Barbora Gondžárová 
520 |a Cieľom podnikovej diagnostiky je komplexné analyzovanie stavu, v ktorom sa podnik nachádza, odhalenie a čo najskoršie odstránenie nežiadúcich symptómov. Výber vhodnej ozdravovacej metódy a program harmonizácie podniku a jeho okolia. 
610 2 0 |a diagnostika podniková 
610 2 0 |a prognózy podnikové 
610 2 0 |a metódy organizácie 
610 2 0 |a politika podnikania 
610 2 0 |a zdravie podniku finančné 
100 1 |a Gondžárová, Barbora